Loading...
Hegal /
| Main Author: | |
|---|---|
| Format: | Printed Book |
| Language: | English |
| Published: |
Cambridge University Press,
1975.
|
| LEADER | 00449nam a2200133Ia 4500 | ||
|---|---|---|---|
| 008 | 150624b xxu||||| |||| 00| 0 eng d | ||
| 082 | |a 142.7H | ||
| 100 | |a Taylor, Charles | ||
| 245 | |a Hegal / |c Charles Taylor | ||
| 260 | |b Cambridge University Press, |c 1975. | ||
| 300 | |a 580 p. | ||
| 942 | |c BK | ||
| 999 | |c 29005 |d 29005 | ||
| 952 | |0 1 |1 0 |4 1 |6 142_000000000000000_7H_TAY_H |7 0 |9 29004 |a UL |b UL |c ST1 |d 1998-08-28 |l 1 |o 142.7H TAY/H |p 40449 |r 2014-10-01 |s 2014-09-03 |w 2012-10-27 |y BK | ||